| 000 | 00949nam a2200277 c 4500 | ||
|---|---|---|---|
| 003 | BLK | ||
| 005 | 20180420214200.0 | ||
| 008 | 180412b bul|||||r ||||||| ||bul|| | ||
| 010 | _aKNG00008478000 | ||
| 020 |
_a954-8046-26-1 _bиздат.: Пламък |
||
| 040 | _aBLK | ||
| 041 |
_aBUL _cBUL |
||
| 080 |
_aБългарска литература _b821.163.2 _x-1 _z821.163.2-1 |
||
| 100 | 1 |
_aАлексиева, Елена Алексиева _eпърви автор _9252311 |
|
| 139 |
_aАлексиева, Елена Алексиева _bА 52 |
||
| 245 | 1 | 0 |
_aБримка на сърцето _bСтихотворения _cЕлена Алексиева Алексиева. |
| 257 | _aBGR | ||
| 260 |
_аСофия _bПламък _c1994 |
||
| 300 |
_a96 с. _c20 см |
||
| 380 | _aX | ||
| 852 | _aЦб 183661 | ||
| 856 | 4 |
_qpdf _u |
|
| 856 | 4 |
_qpdf _u |
|
| 942 |
_cKNG _n0 |
||
| 944 |
_aCR _c15.01.2003 _kДиана_Димитрова |
||
| 944 |
_aED _c18.08.2011 _k |
||
| 999 |
_c7203 _d7203 |
||